| 000 | 01184nam a2200289Ia 4500 | ||
|---|---|---|---|
| 999 |
_c6695 _d6695 |
||
| 003 | OSt | ||
| 005 | 20200520122157.0 | ||
| 008 | 191128s1958 mx gr 000 0dspa d | ||
| 040 |
_aCO-JMCR _cCO-JMCR |
||
| 041 | 1 |
_aspa _heng |
|
| 082 | 0 | 4 |
_a330 .09 / _bF353h _223 |
| 100 | 1 |
_aFerguson, John M., _eautor _94568 |
|
| 245 | 1 | 0 |
_aHistoria de la economía / _cJohn M. Ferguson ; traducción de Vicente Polo |
| 250 | _aSegunda edición | ||
| 260 |
_aMéxico : _bFondo de Cultura Económica, _c1958 |
||
| 300 |
_a286 páginas ; _c20 cm. |
||
| 490 | 0 | _aSección de obras de economía | |
| 500 | _aIncluye índice analítico páginas 271-282. | ||
| 504 | _aBibliografía: páginas 267-269 | ||
| 505 | _aEl mundo antiguo -- La edad media -- El mercantilismo -- Reacción contra el mercantilismo -- Adam Smith -- De Adam Smith a David Ricardo -- David Ricardo -- De David Ricardo a John Stuart Mill -- John Stuart y John Elliot Cairnes | ||
| 534 | _pLandmarks of economic thought | ||
| 546 | _aTraducido del inglés | ||
| 650 | 1 | 4 |
_aHistoria económica _xMercantilismo _94569 |
| 650 | 2 | 4 |
_aTeoría económica _91066 |
| 700 | 1 |
_aPolo, Vicente, _etraductor _94570 |
|
| 942 |
_2ddc _cBK |
||